| 000 | 00474nam a2200169Ia 4500 | ||
|---|---|---|---|
| 001 | 64371 | ||
| 008 | 210310n2016 ii |||gr||||Z||||||465 | ||
| 020 | _a9789384852467 | ||
| 082 | _a340.72 | ||
| 100 |
_aParanjape,VN, _eAuthor. |
||
| 245 | 0 |
_aLegal education & research methodology _cVN Paranjape _hTextual Documents |
|
| 250 | _a2nd. | ||
| 260 |
_aAllahabad _bCentral Law agency _c2016 |
||
| 300 |
_a235p.: _c24cm. |
||
| 653 | _aLegal Research Methodology | ||
| 942 |
_2ddc _cBK |
||
| 999 |
_c65471 _d65471 |
||